| 000 | 00818nam a2200229Ia 4500 | ||
|---|---|---|---|
| 003 | GCL | ||
| 005 | 20240530110151.0 | ||
| 008 | 140319s9999 xx 000 0 ara d | ||
| 040 |
_aGCL / _cGCL |
||
| 082 | 0 | 4 |
_a907.2 _bق ك |
| 100 | 1 | _aالقرمانى : ابوالعباس احمد بن يوسف بن احمد الدمشقى | |
| 245 | 1 | 0 |
_aكتاب اخبار الدول واثار الاول فى التاريخ / _cالقرمانى : ابوالعباس احمد بن يوسف بن احمد الدمشقى |
| 260 |
_a[S.N] : _bعالم الكتب الحديث |
||
| 300 |
_a399 ص ؛ _c32 سم |
||
| 650 | 0 | 4 | _aالانبياء |
| 650 | 0 | 4 | _aالتاريخ |
| 650 | 0 | 4 | _aالارض |
| 650 | 0 | 4 | _aالشياطين |
| 650 | 0 | 4 | _aالحياة البدائية |
| 650 | 0 | 4 | _aالبشرية |
| 942 |
_2ddc _cBK |
||
| 999 |
_c59118 _d59118 |
||